| 000 | 01005nam a22002537a 4500 | ||
|---|---|---|---|
| 008 | 081120t xxu||||| |||| 00| 0 eng d | ||
| 010 | _aENG-91696 | ||
| 020 |
_a9788184550719 _c725.00 |
||
| 035 | _aEN-75229 | ||
| 037 | _bDBAD / PUB | ||
| 040 |
_adpl _bEnglish |
||
| 082 | _a363.7 | ||
| 245 |
_aEnvironmental protection & natural resource management / _cedited by G. Madan Mohan |
||
| 260 |
_aNew Delhi _bOmega Publications _c2008 |
||
| 270 |
_a4398/5, Ansari Road, Daryaganj, _bNew Delhi _e110002 |
||
| 300 |
_avi, 271p. _c22cm (Hb) |
||
| 500 | _aIncludes bibliographical references and index | ||
| 650 | _aEnvironmental protection | ||
| 650 |
_aNatural resources _xManagement |
||
| 650 |
_aNatural resources _xGovernment policy |
||
| 700 | _aMadan Mohan, G. | ||
| 942 |
_2ddc _cEN _mENV _h363.7 |
||
| 999 |
_c18798 _d18798 |
||